<?xml version="1.0" encoding="UTF-8"?>
<record
    xmlns:xsi="http://www.w3.org/2001/XMLSchema-instance"
    xsi:schemaLocation="http://www.loc.gov/MARC21/slim http://www.loc.gov/standards/marcxml/schema/MARC21slim.xsd"
    xmlns="http://www.loc.gov/MARC21/slim">

  <leader>02324nam a22002897a 4500</leader>
  <controlfield tag="005">20260218153501.0</controlfield>
  <controlfield tag="008">240203b           ||||| |||| 00| 0 eng d</controlfield>
  <datafield tag="020" ind1=" " ind2=" ">
    <subfield code="a">9789356064768</subfield>
  </datafield>
  <datafield tag="040" ind1=" " ind2=" ">
    <subfield code="c">AL</subfield>
  </datafield>
  <datafield tag="041" ind1=" " ind2=" ">
    <subfield code="a">eng</subfield>
  </datafield>
  <datafield tag="082" ind1=" " ind2=" ">
    <subfield code="2">23</subfield>
    <subfield code="a">337</subfield>
    <subfield code="b">KRUI</subfield>
  </datafield>
  <datafield tag="100" ind1=" " ind2=" ">
    <subfield code="a">Paul R Krugman...[et.al]</subfield>
    <subfield code="9">255629</subfield>
  </datafield>
  <datafield tag="245" ind1=" " ind2=" ">
    <subfield code="a">International Economics</subfield>
    <subfield code="b">: Theory and Policy</subfield>
  </datafield>
  <datafield tag="250" ind1=" " ind2=" ">
    <subfield code="a">12</subfield>
  </datafield>
  <datafield tag="260" ind1=" " ind2=" ">
    <subfield code="a">Noida</subfield>
    <subfield code="b">Pearson</subfield>
    <subfield code="c">2023</subfield>
  </datafield>
  <datafield tag="300" ind1=" " ind2=" ">
    <subfield code="a">xxx,811p.</subfield>
    <subfield code="b">PB</subfield>
    <subfield code="c">25x20cm.</subfield>
  </datafield>
  <datafield tag="520" ind1=" " ind2=" ">
    <subfield code="a">nternational Economics: Theory and Policy, 12e provides a detailed, engaging, and balanced coverage of the key concepts and entails practical applications of both&#x2014;international trade and international finance. The text is presented in a unified structure that integrates the latest research, data, and policy in the much-coveted topics such as globalization, economic geography, trade and environment, financial derivatives, China's trade policies, and many more. This book aims to equip students with intellectual tools for understanding the economic implications of global interdependence. This edition is useful for students of undergraduate and postgraduate courses across disciplines like Economics, Finance, and Management. The prudence of the content makes this book an imperative guide for management trainees and practicing managers in decision-making in a business environment.
Features
1. Impact of the COVID-19 pandemic on international trade and finance
2. An up-to-date and understandable analytical framework for illuminating recent events
3. Emphasis on key topics such as Increasing Returns and Market Structure, Firms in International Trade, Politics, and Theory of Trade Policy, Asset Market Approach to Exchange Rate Determination, International Macroeconomic Policy Coordination, and The World Capital Market and Developing Countries
4. Embedded features like case studies, special boxes, chapter summaries, and problems for classroom discussion</subfield>
  </datafield>
  <datafield tag="650" ind1=" " ind2=" ">
    <subfield code="a">International Trade Theory</subfield>
    <subfield code="9">149585</subfield>
  </datafield>
  <datafield tag="650" ind1=" " ind2=" ">
    <subfield code="a">Open Economy</subfield>
    <subfield code="9">149586</subfield>
  </datafield>
  <datafield tag="650" ind1=" " ind2=" ">
    <subfield code="a">International Trade Policy</subfield>
    <subfield code="9">149587</subfield>
  </datafield>
  <datafield tag="650" ind1=" " ind2=" ">
    <subfield code="a">International Macroeconomics Policy</subfield>
    <subfield code="9">149588</subfield>
  </datafield>
  <datafield tag="650" ind1=" " ind2=" ">
    <subfield code="a">Exchange Rates</subfield>
    <subfield code="9">149589</subfield>
  </datafield>
  <datafield tag="700" ind1=" " ind2=" ">
    <subfield code="a">Obstfeld Maurice</subfield>
    <subfield code="9">149591</subfield>
  </datafield>
  <datafield tag="700" ind1=" " ind2=" ">
    <subfield code="a">Melitz, Marc J </subfield>
    <subfield code="9">149592</subfield>
  </datafield>
  <datafield tag="700" ind1=" " ind2=" ">
    <subfield code="a">Priyadarshini, Padmaja</subfield>
    <subfield code="9">149593</subfield>
  </datafield>
  <datafield tag="942" ind1=" " ind2=" ">
    <subfield code="2">ddc</subfield>
    <subfield code="c">BK</subfield>
  </datafield>
  <datafield tag="999" ind1=" " ind2=" ">
    <subfield code="c">229722</subfield>
    <subfield code="d">229722</subfield>
  </datafield>
  <datafield tag="952" ind1=" " ind2=" ">
    <subfield code="0">0</subfield>
    <subfield code="1">0</subfield>
    <subfield code="2">ddc</subfield>
    <subfield code="4">0</subfield>
    <subfield code="7">0</subfield>
    <subfield code="8">ECO</subfield>
    <subfield code="a">AL</subfield>
    <subfield code="b">AL</subfield>
    <subfield code="d">2024-02-02</subfield>
    <subfield code="e">Biblios Book Point Surathkal Mangalore 575014</subfield>
    <subfield code="g">752.00</subfield>
    <subfield code="l">0</subfield>
    <subfield code="o">337 KRUI</subfield>
    <subfield code="p">077083</subfield>
    <subfield code="r">2024-02-03 00:00:00</subfield>
    <subfield code="v">940.00</subfield>
    <subfield code="w">2024-02-03</subfield>
    <subfield code="y">BK</subfield>
  </datafield>
  <datafield tag="952" ind1=" " ind2=" ">
    <subfield code="0">0</subfield>
    <subfield code="1">0</subfield>
    <subfield code="2">ddc</subfield>
    <subfield code="4">0</subfield>
    <subfield code="7">0</subfield>
    <subfield code="8">ECO</subfield>
    <subfield code="a">AL</subfield>
    <subfield code="b">AL</subfield>
    <subfield code="d">2024-03-04</subfield>
    <subfield code="e">Biblios Book Point Surathkal Mangalore 575014</subfield>
    <subfield code="g">804.00</subfield>
    <subfield code="l">0</subfield>
    <subfield code="o">337 KRUI</subfield>
    <subfield code="p">077164</subfield>
    <subfield code="r">2024-03-07 00:00:00</subfield>
    <subfield code="v">1005.00</subfield>
    <subfield code="w">2024-03-07</subfield>
    <subfield code="y">BK</subfield>
  </datafield>
</record>
